मेरे साक्षात्कार / (Record no. 120364)

MARC details
000 -LEADER
fixed length control field 01213nam a22002657a 4500
005 - DATE AND TIME OF LATEST TRANSACTION
control field 20170124103157.0
010 ## - LIBRARY OF CONGRESS CONTROL NUMBER
LC control number B-064441
020 ## - INTERNATIONAL STANDARD BOOK NUMBER
Terms of availability 140.00
International Standard Book Number 8170165458
035 ## - SYSTEM CONTROL NUMBER
System control number B-064441
037 ## - SOURCE OF ACQUISITION
Source of stock number/acquisition Cen Lib/Ret
040 ## - CATALOGING SOURCE
Original cataloging agency DPL
Language of cataloging HN
082 ## - DEWEY DECIMAL CLASSIFICATION NUMBER
Classification number 820.8
Item number शुक्लश्री
100 ## - MAIN ENTRY--PERSONAL NAME
Personal name शुक्ल, श्रीलाल
9 (RLIN) 90004
245 ## - TITLE STATEMENT
Title मेरे साक्षात्कार /
Statement of responsibility, etc श्रीलाल शुक्ल
246 ## - VARYING FORM OF TITLE
Title proper/short title Mere sashatkar /
Remainder of title by Shrilal Shukla
260 ## - PUBLICATION, DISTRIBUTION, ETC. (IMPRINT)
Place of publication, distribution, etc नयी दिल्ली
Name of publisher, distributor, etc किताबघर प्रकाशन
Date of publication, distribution, etc 2002
270 ## - ADDRESS
City नयी दिल्ली
Address 24, अंसारी रोड, दरियागंज
Postal code 110002
300 ## - PHYSICAL DESCRIPTION
Extent 132पृ.
Dimensions 20सेमी(सजिल्द)
490 ## - SERIES STATEMENT
Series statement मेरे साक्षात्कार सीरीज
650 ## - SUBJECT ADDED ENTRY--TOPICAL TERM
Topical term or geographic name as entry element हिन्दी -- साहित्य
9 (RLIN) 90005
650 ## - SUBJECT ADDED ENTRY--TOPICAL TERM
Topical term or geographic name as entry element हिन्दी -- साक्षात्कार -- महान व्यक्ति
9 (RLIN) 90006
650 ## - SUBJECT ADDED ENTRY--TOPICAL TERM
Topical term or geographic name as entry element Hindi literature
9 (RLIN) 90007
650 ## - SUBJECT ADDED ENTRY--TOPICAL TERM
Topical term or geographic name as entry element Hindi - interview - great person
9 (RLIN) 90008
942 ## - ADDED ENTRY ELEMENTS (KOHA)
Source of classification or shelving scheme Dewey Decimal Classification
Koha item type Hindi Books
Classification part 820.8
Call number suffix शुक्लश्री
Holdings
Withdrawn status Lost status Damaged status Not for loan Home library Current library Date acquired Source of acquisition Cost, normal purchase price Total Checkouts Full call number Barcode Date last seen Copy number Cost, replacement price Price effective from Koha item type
        Central Library Central Library 22/09/2015 Cen Lib/Ret 140.00   820.8 शुक्लश्री B-064441 22/09/2015 1 140.00 22/09/2015 Hindi Books

© Delhi Public Library
Hit Counter
free hit counter